000 00564nam a22001697a 4500
005 20251108164316.0
008 250721s1993 xx 000 0 ara d
082 1 4 _a796.83/حسا
100 1 _aمحمود، حسام رفقي
245 1 0 _aالملاكمة بين النظرية و التطبيق :
_bتخطيط الدورات التدريبيه /
264 1 _aالقاهره :
_bمكتبة النهضه المصريه،
_c1993.
300 _a400ص
650 1 7 _aالملاكمة
650 1 7 _aألعاب المبارزة
942 _2ddc
_cBK
999 _c8957
_d8957